LIBRARY & INFORMATION CENTRE, KCAET, TAVANUR

ONLINE PUBLIC ACCESS CATALOGUE (OPAC)

ISI Handbook for Structural Engineers : 2. Steel Beams and Plate Girders / (Record no. 2891)

MARC details
000 -LEADER
fixed length control field 00310cam a2200109ua 4500
082 ## - DEWEY DECIMAL CLASSIFICATION NUMBER
Classification number 624.1
Item number IND/IS
245 ## - TITLE STATEMENT
Title ISI Handbook for Structural Engineers : 2. Steel Beams and Plate Girders /
250 ## - EDITION STATEMENT
Edition statement 1 /
260 ## - PUBLICATION, DISTRIBUTION, ETC. (IMPRINT)
Place of publication New Delhi :
Name of publisher Indian Standards Institution ,
Year of publication 1962.
300 ## - PHYSICAL DESCRIPTION
Number of Pages 199 ; .
942 ## - ADDED ENTRY ELEMENTS (KOHA)
Koha item type Reference
Holdings
Withdrawn status Lost status Damaged status Home library Current library Date acquired Full call number Accession Number Koha item type Collection code Shelving location
      KAUAET   07/04/2012 028.71624 13262 Books    
      KAUAET KAUAET 07/04/2012 028.71624 13260 Standards    
      KAUAET KAUAET 07/04/2012 624.1.IND/IS 13261 Standards Reference Reference
free website counter